00590 a2200145 4500020001500000040001300015100002400028245010700052260004000159300001900199440002600218942002500244999001500269952016000284 a0849312639 aDLCbDLC1 aAttia, John Okyere.10aPSPICE and MATLAB for electronics: an integrated appraoch ban integrated appraoch cJohn Okyere Attia aBoca Raton, FL :bCRC Press,c2002. a338 p. :bill. 0aVLSI circuits series. cBKk621.395 ATT2ddc c8439d8439 001040708NFICaCLbCLcGENd2007-12-31eProgressive International Agenciesg5102.24l1o621.395 ATTpSEECS008860r2014-04-07s2014-01-20w2017-01-05yBK